Η Ευρώπη της Ελλάδος : αποικίες και νομίσματα από τη συλλογή της ALPHA BANK

Αποθηκεύτηκε σε:
Λεπτομέρειες βιβλιογραφικής εγγραφής
Συγγραφή απο Οργανισμό/Αρχή: Alpha Bank
Άλλοι συγγραφείς: Τσαγκάρη, Δήμητρα Ι. (Επιμελητής έκδοσης), Αδάμ-Βελένη, Πολυξένη (Επιμελητής έκδοσης)
Μορφή: Βιβλίο
Γλώσσα:Greek
Δημοσίευση: Αθήνα : ALPHA BANK, 2014
Θέματα:
Ετικέτες: Προσθήκη ετικέτας
Δεν υπάρχουν, Καταχωρήστε ετικέτα πρώτοι!

MARC

LEADER 00000cam a2200000 i 4500
001 1/54283
008 140829s2014 gre d
020 |a 978-618-5072-06-3 
035 |l 10118817 
040 |a GR-MY-UA  |b gre  |e aacr 
041 0 |a gre 
082 0 |a 737.493  |2 (23) 
245 1 2 |a Η Ευρώπη της Ελλάδος :  |b αποικίες και νομίσματα από τη συλλογή της ALPHA BANK /  |c επιμέλεια καταλόγου: Δήμητρα Τσαγκάρη ; συγγραφείς κειμένων: Πολυξένη Αδάμ-Βελένη ... [κ.ά.] 
260 |a Αθήνα :   |b ALPHA BANK,   |c 2014 
300 |a 335 σ.;  |b εικ., σχέδ. φωτ.;  |c 30 εκ. 
500 |a Το βιβλίο εκδόθηκε με την ευκαιρία της ομότιτλης εκθέσεως, που διοργανώθηκε από το Αρχαιολογικό Μουσείο Θεσσαλονίκης και τη Νομισματική Συλλογή της ALFA BANK από τον Απρίλιο 2014 έως και τον Απρίλιο του 2015 στη Θεσσαλονίκη 
504 |a Περιλαμβάνει βιβλιογραφικές παραπομπές 
650 0 0 |a Coins, Greek  |z Greece  |x exhibitions. 
650 0 0 |a Coins, Ancient  |z Greece. 
700 1 |a Τσαγκάρη, Δήμητρα Ι.  |4 edt 
700 1 |a Αδάμ-Βελένη, Πολυξένη.  |4 edt 
710 2 |a Alpha Bank. 
852 |a INST  |b RHODES  |e 20140829  |h 737.493 ΕΥΡ  |p 005400036669  |q 005400036669  |t BK  |y 0 
852 |a INST  |b RHODES  |e 20141021  |h 737.493 ΕΥΡ  |p 005400037136  |q 005400037136  |t BK  |y 0 
901 |a BIBL4-2014-2 
901 |a BIBL4-2014-3 
909 |a Ρ  |b 183171 
909 |a Ρ  |b 183461 
970 |z 2014/08/29